Otvorené inovácie a ich vplyv na výkonnosť a udržateľnosť inovačného procesu diplomová práca

Gespeichert in:
Bibliographische Detailangaben
1. Verfasser: Zeleník, Ondrej
Körperschaft: Obchodná fakulta EU. Katedra marketingu
Weitere Verfasser: Ševčíková, Renáta, 1982-
Format: Buch
Sprache:Slowakisch
Veröffentlicht: Bratislava 2025
Tags: Tag hinzufügen
Keine Tags, Fügen Sie das erste Tag hinzu!

MARC

LEADER 00000nbm a2200000 4500
001 0310333
005 20251104122717.4
041 0 |a slo 
044 |a SK 
245 1 0 |a Otvorené inovácie a ich vplyv na výkonnosť a udržateľnosť inovačného procesu  |b diplomová práca  |c Ondrej Zeleník ; školiteľ: Renáta Ševčíková 
264 1 |a Bratislava  |c 2025 
300 |a 54 s. 
100 1 |a Zeleník, Ondrej 
700 1 |a Ševčíková, Renáta, 1982- 
710 2 |a Obchodná fakulta EU. Katedra marketingu